000
00348 a2200169 4500
001
175439
020
_a
85-08-05470-X
040
_c
Magnum
100
_a
Paulino, Wilson Roberto
240
1
0
_a
Biologia atual 2
_l
por
245
1
0
_a
Biologia atual 2
300
_a
439
362
0
_a
2000
440
1
_a
Ática
697
_a
BIOLOGIA
942
_c
BK
999
_c
175439
_d
175439